| 000 -LEADER |
| fixed length control field |
00715nam a22001337a 4500 |
| 040 ## - CATALOGING SOURCE |
| Transcribing agency |
RUA |
| 082 ## - DEWEY DECIMAL CLASSIFICATION NUMBER |
| Classification number |
FIS EAN 2021 B473 Or. |
| 100 ## - MAIN ENTRY--AUTHOR NAME |
| Personal name |
EAN SOPHEAK,អៀន សុភ័ក្ត |
| 245 ## - TITLE STATEMENT |
| Title |
UNDERSTANDING COMMERCIAL FISHES AND SUPPLY CHAIN IN KAMPOT PROVINCE AND KEP PROVINCE,ការសិក្សាទៅលើខ្សែច្រវ៉ាក់នៃការផ្គត់ផ្គង់ និងទីផ្សារត្រីនៅក្នុងខេត្តកំពត និងខេត្តកែប |
| 260 ## - PUBLICATION, DISTRIBUTION, ETC. (IMPRINT) |
| Place of publication |
phnom penh |
| Name of publisher |
rua |
| Year of publication |
2021 |
| 300 ## - PHYSICAL DESCRIPTION |
| Number of Pages |
xii.58p. |
| Other physical details |
ill. |
| Dimensions |
29cm. |
| 856 ## - ELECTRONIC LOCATION AND ACCESS |
| Uniform Resource Identifier |
https://drive.google.com/file/d/15MKk1mcodzJamVJnxXXf4Hyf2pXc0fxF/view?usp=sharing |
| 942 ## - ADDED ENTRY ELEMENTS (KOHA) |
| Koha item type |
FIS |
| 952 ## - LOCATION AND ITEM INFORMATION (KOHA) |
| Withdrawn status [LOCAL, KOHA] |
0 |
| 952 ## - LOCATION AND ITEM INFORMATION (KOHA) |
| Withdrawn status [LOCAL, KOHA] |
0 |
| 952 ## - LOCATION AND ITEM INFORMATION (KOHA) |
| Withdrawn status [LOCAL, KOHA] |
0 |
| 952 ## - LOCATION AND ITEM INFORMATION (KOHA) |
| Withdrawn status [LOCAL, KOHA] |
0 |